[Event "Challenge"]
[Site "http://www.queenalice.com/game.php?id=836533"]
[Date "2010.9.22"]
[Round "-"]
[White "rafassj4"]
[Black "fredpoa"]
[Result "0-1"]
[WhiteElo "857"]
[BlackElo "1544"]

1. e4 e5 2. Bc4 d6 3. Qh5 g6 4. Qf3 Be6 5. Bb5+ Nc6 6. Bxc6+ bxc6 7. d3 Nf6 8.
Bg5 Bg7 9. Nh3 Bg4 10. Qg3 h6 11. Bd2 Qd7 12. Qe3 c5 13. Bc3 d5 14. f3 Bxh3 0-1

[Event "AUTO-INT-1882"]
[Site "http://www.queenalice.com/game.php?id=863284"]
[Date "2010.11.24"]
[Round "1"]
[White "fredpoa"]
[Black "daniel0176"]
[Result "0-1"]
[WhiteElo "1573"]
[BlackElo "1775"]

1. e4 e5 2. Bc4 Nf6 3. Qf3 h6 4. c3 Nc6 5. Ne2 Be7 6. O-O O-O 7. d3 d6 8. Na3
Bg4 9. Qe3 a6 10. Ng3 b5 11. Bd5 Nxd5 12. exd5 Na5 13. Qe4 Qd7 14. b4 Nb7 15. h3
f5 16. Qe1 f4 0-1

[Event "AUTO-INT-1882"]
[Site "http://www.queenalice.com/game.php?id=863285"]
[Date "2010.11.24"]
[Round "1"]
[White "daniel0176"]
[Black "fredpoa"]
[Result "1-0"]
[WhiteElo "1783"]
[BlackElo "1565"]

1. e4 e5 2. Qh5 Qf6 3. d3 g6 4. Qh3 Nc6 5. Be2 d6 6. Qg3 Be7 7. h3 Be6 8. Bg5
Qxg5 9. Qxg5 Bxg5 10. Nf3 Bf4 11. O-O O-O-O 12. Nc3 Nd4 13. Nxd4 exd4 14. Nb5
Kb8 15. Nxd4 Bd7 16. a4 Be5 17. Nf3 1-0

[Event "AUTO-INT-1882"]
[Site "http://www.queenalice.com/game.php?id=863286"]
[Date "2010.11.24"]
[Round "1"]
[White "fredpoa"]
[Black "Altos"]
[Result "1-0"]
[WhiteElo "1504"]
[BlackElo "1522"]

1. e4 c5 2. Bc4 e6 3. Nf3 Nc6 4. O-O d5 5. exd5 exd5 6. Bb5 Bd7 7. Nc3 d4 8. Ne4
a6 9. Bxc6 Bxc6 10. d3 Be7 11. c4 Nf6 12. Bg5 Nxe4 13. dxe4 O-O 14. Bxe7 Qxe7
15. Re1 Bxe4 16. Qe2 Rfe8 17. Nd2 1-0

[Event "AUTO-INT-1882"]
[Site "http://www.queenalice.com/game.php?id=863287"]
[Date "2010.11.24"]
[Round "1"]
[White "Altos"]
[Black "fredpoa"]
[Result "1-0"]
[WhiteElo "1518"]
[BlackElo "1520"]

1. e4 e5 2. Nf3 Qf6 3. Bc4 Bc5 4. d3 d6 5. O-O Bg4 6. Nbd2 Nh6 7. h3 Bxf3 8.
Nxf3 Nc6 9. Bg5 Qg6 10. Bd2 Nd4 11. Nxd4 Bxd4 12. c3 1-0

[Event "AUTO-INT-1882"]
[Site "http://www.queenalice.com/game.php?id=863288"]
[Date "2010.11.24"]
[Round "1"]
[White "fredpoa"]
[Black "Alan_74"]
[Result "0-1"]
[WhiteElo "1537"]
[BlackElo "1504"]

1. e4 c5 2. Bc4 Nc6 3. Nf3 e6 4. d3 g6 5. O-O Bg7 6. Nc3 a6 7. Bg5 Bf6 8. Bxf6
Nxf6 9. a4 b5 10. axb5 Nb4 11. Ra4 d5 12. exd5 Nfxd5 0-1

[Event "AUTO-OPEN-2176"]
[Site "http://www.queenalice.com/game.php?id=863365"]
[Date "2010.11.24"]
[Round "1"]
[White "nuage"]
[Black "fredpoa"]
[Result "1-0"]
[WhiteElo "1448"]
[BlackElo "1519"]

1. Nf3 e6 2. g3 f6 3. Bg2 Nc6 4. O-O d5 5. d3 Bd6 6. Nc3 Qe7 7. Nb5 a6 8. Nxd6+
Qxd6 9. Bf4 e5 10. Bd2 Nge7 11. Re1 O-O 12. c3 b5 13. Be3 Bf5 14. b4 e4 15. Bc5
Qd7 16. Nh4 Be6 17. Bxe7 Qxe7 18. dxe4 dxe4 19. Bxe4 Qd7 20. Qxd7 Bxd7 21. Rad1
Rad8 22. Bxc6 Bxc6 23. Nf5 Kf7 24. Nd4 Bd5 25. e4 Bxa2 26. Ra1 Bc4 27. Rxa6 Rfe8
28. Nc6 Rd6 29. Rea1 Rxe4 30. f3 Re3 31. f4 Rxc3 32. Re1 Kg6 33. Re7 Rc1+ 34.
Kf2 Rd2+ 35. Kf3 Bd5+ 36. Ke3 Rxh2 37. Ne5+ Kh6 38. Ng4+ Kh5 39. Nxh2 1-0

[Event "AUTO-OPEN-2176"]
[Site "http://www.queenalice.com/game.php?id=863366"]
[Date "2010.11.24"]
[Round "1"]
[White "fredpoa"]
[Black "HILITO"]
[Result "0-1"]
[WhiteElo "1492"]
[BlackElo "2064"]

1. e4 c6 2. d3 d5 3. exd5 cxd5 4. d4 Nf6 5. Bf4 Nbd7 6. Bd3 g6 7. Nf3 Bg7 8. O-O
O-O 9. Be5 a6 10. b4 b5 11. c3 Bb7 12. a4 bxa4 13. Rxa4 Nb6 14. Ra5 Ne4 15. Bxe4
dxe4 16. Nfd2 Bxe5 17. dxe5 e6 18. Na3 Rc8 19. c4 Qd3 20. Nab1 e3 21. fxe3 Qxe3+
22. Rf2 Rfd8 23. Qe2 Qd4 24. Nb3 Qd1+ 25. Qxd1 Rxd1+ 26. Rf1 Rxf1+ 27. Kxf1 Nxc4
28. Kg1 Nxa5 29. bxa5 Rc2 30. N1d2 Bd5 31. h3 Bxb3 32. Nxb3 Re2 33. Nc5 Rxe5 0-1

[Event "AUTO-OPEN-2176"]
[Site "http://www.queenalice.com/game.php?id=863367"]
[Date "2010.11.24"]
[Round "1"]
[White "HILITO"]
[Black "fredpoa"]
[Result "1-0"]
[WhiteElo "2139"]
[BlackElo "1558"]

1. e4 e5 2. Nf3 Bc5 3. Bc4 Qf6 4. Nc3 d6 5. Nd5 Qd8 6. c3 Be6 7. d4 exd4 8. cxd4
Bb6 9. Nxb6 cxb6 10. Bxe6 fxe6 11. O-O Nc6 12. Bg5 Nf6 13. Qb3 1-0

[Event "AUTO-OPEN-2243"]
[Site "http://www.queenalice.com/game.php?id=891764"]
[Date "2011.1.27"]
[Round "1"]
[White "lupengui"]
[Black "fredpoa"]
[Result "1-0"]
[WhiteElo "2596"]
[BlackElo "1513"]

1. d4 e6 2. e4 d6 3. Nc3 c5 4. dxc5 dxc5 5. Qxd8+ Kxd8 6. Nf3 Bd6 7. Nb5 Be7 8.
Ne5 Nh6 9. Bxh6 gxh6 10. Nxf7+ Ke8 11. Nxh8 Na6 12. O-O-O Bd7 13. Bc4 Bf6 14.
Nd6+ Kf8 15. Nxb7 1-0

[Event "AUTO-OPEN-2243"]
[Site "http://www.queenalice.com/game.php?id=891765"]
[Date "2011.1.27"]
[Round "1"]
[White "fredpoa"]
[Black "lupengui"]
[Result "0-1"]
[WhiteElo "1515"]
[BlackElo "2595"]

1. e4 c5 2. Bc4 Nc6 3. d3 e6 4. Nf3 d5 5. exd5 exd5 6. Bb5 Bd6 7. Be3 Nf6 8. O-O
O-O 9. c4 Ne5 10. Nxe5 Bxe5 11. d4 cxd4 12. Bxd4 Bxd4 13. Qxd4 a6 14. Ba4 dxc4
0-1

[Event "AUTO-OPEN-2243"]
[Site "http://www.queenalice.com/game.php?id=891794"]
[Date "2011.1.27"]
[Round "1"]
[White "fredpoa"]
[Black "goldenboy"]
[Result "0-1"]
[WhiteElo "1509"]
[BlackElo "2128"]

1. e4 e5 2. Bc4 Nc6 3. d3 Bc5 4. Be3 Bxe3 5. fxe3 Qg5 6. Qf3 Nf6 7. Nh3 Qg6 8.
Nd2 d6 9. O-O-O Bg4 10. Qg3 Bxd1 11. Rxd1 Qxg3 12. hxg3 Na5 13. Nb3 Nxc4 14.
dxc4 h6 15. Nf2 h5 0-1

[Event "AUTO-OPEN-2243"]
[Site "http://www.queenalice.com/game.php?id=891795"]
[Date "2011.1.27"]
[Round "1"]
[White "goldenboy"]
[Black "fredpoa"]
[Result "1-0"]
[WhiteElo "2127"]
[BlackElo "1511"]

1. e4 e5 2. Bc4 Nf6 3. d3 d6 4. Bg5 h6 5. Bh4 g5 6. Bg3 Be6 7. Bxe6 fxe6 8. Nf3
g4 9. Nfd2 Nc6 10. Bh4 Bg7 11. Bxf6 Qxf6 12. Qxg4 Nd4 13. Qh5+ Qf7 14. Qxf7+
Kxf7 15. Na3 c6 16. c3 1-0

[Event "AUTO-OPEN-2243"]
[Site "http://www.queenalice.com/game.php?id=891796"]
[Date "2011.1.27"]
[Round "1"]
[White "fredpoa"]
[Black "Markan"]
[Result "0-1"]
[WhiteElo "1499"]
[BlackElo "1712"]

1. e4 e5 2. Bc4 Nf6 3. d3 d6 4. Bg5 h6 5. Bxf6 Qxf6 6. Nf3 Be6 7. O-O Bxc4 8.
dxc4 Nc6 9. c3 Be7 10. Nbd2 O-O 11. b4 b6 12. b5 Na5 13. Nb3 Nxc4 14. Qc1 Qe6
15. Qd1 Na3 16. Qd5 Qxd5 17. exd5 Nxb5 18. a4 Nxc3 0-1

[Event "AUTO-OPEN-2243"]
[Site "http://www.queenalice.com/game.php?id=891797"]
[Date "2011.1.27"]
[Round "1"]
[White "Markan"]
[Black "fredpoa"]
[Result "1-0"]
[WhiteElo "1704"]
[BlackElo "1507"]

1. e4 e5 2. Nf3 f6 3. d3 d6 4. Be3 Nc6 5. a3 Bg4 6. h3 Bxf3 7. Qxf3 Nh6 8. Bxh6
gxh6 9. Nc3 Qe7 10. Nd5 Nd4 11. Qd1 Qd8 12. Qh5+ Kd7 13. Qf7+ Kc8 14. Nxf6 Be7
15. Nd5 Nc6 16. Be2 Nd4 17. Rc1 c6 18. Nxe7+ Kd7 19. Ng6+ 1-0

[Event "AUTO-INT-1935"]
[Site "http://www.queenalice.com/game.php?id=891845"]
[Date "2011.1.27"]
[Round "1"]
[White "ValerioR"]
[Black "fredpoa"]
[Result "1-0"]
[WhiteElo "1430"]
[BlackElo "1490"]

1. e4 e5 2. f4 exf4 3. Bc4 Nh6 4. Nf3 d6 5. d4 Be6 6. Nc3 Nc6 7. Bxf4 Bxc4 8. d5
Ne5 9. Bxe5 dxe5 10. Nxe5 Bd6 11. Nf3 O-O 12. Qd4 c5 13. Qxc4 b6 14. O-O-O Ng4
15. Rhf1 Nxh2 16. Nxh2 Bxh2 17. d6 1-0

[Event "AUTO-INT-1935"]
[Site "http://www.queenalice.com/game.php?id=891846"]
[Date "2011.1.27"]
[Round "1"]
[White "fredpoa"]
[Black "ValerioR"]
[Result "0-1"]
[WhiteElo "1472"]
[BlackElo "1448"]

1. e4 d5 2. d3 dxe4 3. dxe4 Qxd1+ 4. Kxd1 e5 5. Bc4 Nf6 6. Nc3 Nc6 7. Bb5 Bc5 8.
Be3 Bxe3 9. fxe3 Be6 10. Nge2 O-O 11. Bxc6 Rad8+ 12. Bd5 Bg4 13. h3 Bxe2+ 14.
Nxe2 Nxe4 15. Rf1 Rxd5+ 16. Ke1 Rfd8 0-1

[Event "AUTO-INT-1935"]
[Site "http://www.queenalice.com/game.php?id=891869"]
[Date "2011.1.27"]
[Round "1"]
[White "fredpoa"]
[Black "TomTheKing"]
[Result "0-1"]
[WhiteElo "1449"]
[BlackElo "1703"]

1. e4 d5 2. Bd3 Nf6 3. Qf3 Bg4 4. Qg3 e6 5. Nc3 Nc6 6. e5 Nd7 7. Qxg4 Ndxe5 8.
Qg3 Nb4 9. Qxe5 Qd7 10. Bb5 c6 11. Ba4 f6 12. Qd4 e5 13. Qh4 b5 14. Bb3 a5 15.
a3 d4 0-1

[Event "AUTO-INT-1935"]
[Site "http://www.queenalice.com/game.php?id=891870"]
[Date "2011.1.27"]
[Round "1"]
[White "TomTheKing"]
[Black "fredpoa"]
[Result "1-0"]
[WhiteElo "1697"]
[BlackElo "1455"]

1. e4 e5 2. Nc3 Nc6 3. Nf3 d6 4. Bb5 a6 5. Bxc6+ bxc6 6. d3 Bg4 7. Be3 Nf6 8. d4
d5 9. exd5 cxd5 10. dxe5 Ne4 11. Qd4 Bc5 12. Qa4+ Bd7 13. Qa5 Bb6 14. Qxd5 O-O
15. Nxe4 1-0